书目信息 |
| 题名: |
增材制造前沿技术
|
|
| 作者: | 卢秉恒 , 李涤尘 , 王磊 编著 | |
| 分册: | ||
| 出版信息: | 北京 机械工业出版社 2022.01 |
|
| 页数: | 421页 | |
| 开本: | 26cm | |
| 丛书名: | ||
| 单 册: | ||
| 中图分类: | TB4 | |
| 科图分类: | ||
| 主题词: | 快速成型技术--kuai su cheng xing ji shu | |
| 电子资源: | ||
| ISBN: | 978-7-111-69075-7 | |
| 000 | 01264nam0 2200241 450 | |
| 001 | 011025154635 | |
| 005 | 20221025154635.0 | |
| 010 | @a978-7-111-69075-7@dCNY139.00 | |
| 100 | @a20201004d2022 em y0chiy0120 ea | |
| 101 | 0 | @achi |
| 102 | @aCN@b110000 | |
| 105 | @aa z 000yy | |
| 106 | @ar | |
| 200 | 1 | @a增材制造前沿技术@Azeng cai zhi zao qian yan ji shu@e增材制造技术专利分析@f卢秉恒, 李涤尘, 王磊编著 |
| 210 | @a北京@c机械工业出版社@d2022.01 | |
| 215 | @a421页@c图, 照片@d26cm | |
| 330 | @a本书利用科学的专利分析方法对增材制造前沿技术的总体发展态势,以及增材制造的主流工艺技术、重点应用领域、新兴材料前沿技术、无损检测技术进行了分析和归纳。首先,针对增材制造技术专利进行了分析,指明了增材制造主流技术专利布局的热点与空白点;其次,梳理了各领域内主要专利申请人专利布局的重点与技术发展历程;同时,对增材制造的关键应用领域,如航空航天领域增材制造、汽车增材制造、生物医疗领域增材制造、电子信息领域增材制造、建筑领域增材制造、太空增材制造等应用领域以及增材制造的重点、热点材料进行专利分析等。 | |
| 606 | 0 | @a快速成型技术@Akuai su cheng xing ji shu |
| 690 | @aTB4@v5 | |
| 701 | 0 | @a卢秉恒@Alu bing heng@f(1945.2-)@4编著 |
| 701 | 0 | @a李涤尘@Ali di chen@f(1964.7-)@4编著 |
| 701 | 0 | @a王磊@Awang lei@f(1982.7-)@4编著 |
| 905 | @a河南城建学院图书馆@dTB4@eL780 | |
| 增材制造前沿技术:增材制造技术专利分析/卢秉恒, 李涤尘, 王磊编著.-北京:机械工业出版社,2022.01 |
| 421页:图, 照片;26cm |
| ISBN 978-7-111-69075-7:CNY139.00 |
| 本书利用科学的专利分析方法对增材制造前沿技术的总体发展态势,以及增材制造的主流工艺技术、重点应用领域、新兴材料前沿技术、无损检测技术进行了分析和归纳。首先,针对增材制造技术专利进行了分析,指明了增材制造主流技术专利布局的热点与空白点;其次,梳理了各领域内主要专利申请人专利布局的重点与技术发展历程;同时,对增材制造的关键应用领域,如航空航天领域增材制造、汽车增材制造、生物医疗领域增材制造、电子信息领域增材制造、建筑领域增材制造、太空增材制造等应用领域以及增材制造的重点、热点材料进行专利分析等。 |
| ● |
| 相关链接 |
|
|
|
正题名:增材制造前沿技术
索取号:TB4/L780
 
预约/预借
| 序号 | 登录号 | 条形码 | 馆藏地/架位号 | 状态 | 备注 |
| 1 | 1591120 | 215911208 | 自科库501/501自科库 14排4列3层/ [索取号:TB4/L780] | 在馆 | |
| 2 | 1591121 | 215911217 | 自科库501/501自科库 14排4列3层/ [索取号:TB4/L780] | 在馆 |